书目信息 |
| 题名: |
高分子材料辐射加工
|
|
| 作者: | 宋伟强 , 邓刚 , 宋清焕 编著 | |
| 分册: | ||
| 出版信息: | 北京 化学工业出版社 2008.05 |
|
| 页数: | 357页 | |
| 开本: | 21cm | |
| 丛书名: | ||
| 单 册: | ||
| 中图分类: | TB324 | |
| 科图分类: | ||
| 主题词: | 高分子材料--核技术应用 | |
| 电子资源: | ||
| ISBN: | 978-7-122-02361-2 | |
| 000 | 00910nam0 2200253 450 | |
| 001 | 003818082 | |
| 005 | 20100811154911.84 | |
| 010 | @a978-7-122-02361-2@dCNY35.00 | |
| 090 | @aTB32@bswq | |
| 100 | @a20100515d2008 em y0chiy50 ea | |
| 101 | 0 | @achi |
| 102 | @aCN@b110000 | |
| 105 | @ay z 000yy | |
| 200 | 1 | @a高分子材料辐射加工@Agao fen zi cai liao fu she jia gong@f宋伟强, 邓刚, 宋清焕等编著@Fsong wei qiang,deng gang,song qing huan deng bian zhu |
| 210 | @a北京@c化学工业出版社@d2008.05 | |
| 215 | @a357页@d21cm | |
| 330 | @a本书对高分子辐射加工技术进行了介绍,内容涵盖塑料、橡胶、水凝胶、聚多糖、纳米高分子、功能膜及辐射固化等高分子辐射加工技术与应用的各个方面。 | |
| 606 | 0 | @a高分子材料@x核技术应用 |
| 690 | @aTB324@v4 | |
| 701 | 0 | @a宋伟强@Asong wei qiang@4编著 |
| 701 | 0 | @a邓刚@Adeng gang@4编著 |
| 701 | 0 | @a宋清焕@Asong qing huan@4编著 |
| 801 | @c20100515 | |
| 905 | @dTB324@eS780@f5 | |
| 高分子材料辐射加工/宋伟强, 邓刚, 宋清焕等编著.-北京:化学工业出版社,2008.05 |
| 357页;21cm |
| ISBN 978-7-122-02361-2:CNY35.00 |
| 本书对高分子辐射加工技术进行了介绍,内容涵盖塑料、橡胶、水凝胶、聚多糖、纳米高分子、功能膜及辐射固化等高分子辐射加工技术与应用的各个方面。 |
| ● |
| 相关链接 |
|
|
|
正题名:高分子材料辐射加工
索取号:TB324/S780
 
预约/预借
| 序号 | 登录号 | 条形码 | 馆藏地/架位号 | 状态 | 备注 |
| 1 | 1024935 | 210249355 | 自科库501/501自科库 13排1列4层/ [索取号:TB324/S780] | 在馆 | |
| 2 | 1024936 | 210249364 | 自科二线504/504自科库 43排6列4层/ [索取号:TB324/S780] | 在馆 | |
| 3 | 1024937 | 210249373 | 自科二线504/504自科库 43排6列4层/ [索取号:TB324/S780] | 在馆 | |
| 4 | 1024938 | 210249382 | 期刊室512/501自科库 13排1列4层/ [索取号:TB324/S780] | 在馆 | |
| 5 | 1024939 | 210249391 | 自科二线504/504自科库 43排6列4层/ [索取号:TB324/S780] | 在馆 |